000 00354nam a2200133Ia 4500
005 20260328104314.0
008 260328s9999||||xx |||||||||||||| ||und||
100 _aFernández-Galiano, Luis
245 0 _aHerzog & de Meuron 2013-2017 /
_cLuis Fernández-Galiano
260 _bArquitectura Viva
300 _a300 p.
650 _aARQUITECTOS
942 _cBK
999 _c11068
_d11068